Real Madrid - Les 10 Plus Gros Transferts - Statistiques

Statistiques générales
  • Ce quiz a été pris 891 fois
  • Le résultat moyen est 9 sur 10
Statistiques - réponses
Classement Transfert Club d'Origine Nationalité Joueur % Correct
4 100 millions Manchester United Portugal Cristiano Ronaldo
99%
3 101 millions Tottenham Pays de Galles Gareth Bale
98%
1 115 millions Chelsea Belgique Eden Hazard
96%
2 103 millions Borussia Dortmund Angleterre Jude Bellingham
95%
6 75 millions AS Monaco Colombie James Rodriguez
87%
7 73,5 millions Juventus Turin France Zinédine Zidane
87%
5 80 millions AS Monaco France Aurélien Tchouaméni
85%
9 60 millions FC Barcelone Portugal Luis Figo
84%
8 65 millions AC Milan Brésil Kaka
74%
10 60 millions Eintracht Francfort Serbie Luka Jovic
64%
Aucun quiz correspondant
Distribution des résultats
% des personnes avec chaque résultat
Percentile par nombre de réponses
Votre historique - résultats
Vous n’avez pas pris ce quiz